O obyčegjch a Řádjch starých Bratřj Českých

Bibliographic Details
Format: Book
Language:Undetermined
PhysicalDescription:336 s., 57 s., 26 s.
Published: [S. l.] [s. n.] 1765
Edition:1. vyd.

MARC

LEADER 00000nam a2200000 a 4500
001 vtls001479860
003 SK-MaSNL
005 20260224183555.0
008 180810s1765 xx 0 und
035 |a SNK000435158 
040 |a SNK  |b slo  |c SNK  |e AACR2 
041 0 |a und 
044 |a xx 
245 1 |a O obyčegjch a Řádjch starých Bratřj Českých 
250 |a 1. vyd. 
260 |a [S. l.]  |b [s. n.]  |c 1765 
300 |a 336 s., 57 s., 26 s. 
958 |a ONDV 
999 |c 1122498  |d 1124428 
952 |t P60, <04>, [BOOK], {604}  |a SNK  |b SNK  |y VYP  |7 0  |o snkIE 15/1  |i snk455/34  |0 0  |1 0  |4 0  |d 2004-08-09  |l 0  |r 2005-01-02 00:00:00  |w 2026-02-24